| 000 | 00778nam a2200193 4500 | ||
|---|---|---|---|
| 001 | 174417 | ||
| 003 | ES-MaACL | ||
| 005 | 20230906215524.0 | ||
| 008 | 100419s2000 ck a |||| | spa d | ||
| 080 | _a323.26/.28(861) | ||
| 245 | 0 | 0 |
_aCultivos ilícitos y proceso de paz en Colombia _b: una propuesta de cambio en la estrategia antidrogas hacia la solución política del conflicto / _c[dirección de la publicación, Ricardo Vargas Meza]. |
| 260 |
_aSantafé de Bogotá : _bAcción Andina, _c2000 ( _fAntropos) |
||
| 300 |
_a55 p. : _bil. ; _c22 cm. |
||
| 650 | 4 |
_aViolencia política- _zColombia. _9141238 |
|
| 650 | 4 |
_aDrogas- _zColombia. _9142536 |
|
| 650 | 4 |
_aDerechos humanos- _zColombia. _9141237 |
|
| 700 | 1 |
_aVargas Meza, Ricardo. _9142529 |
|
| 852 | 4 |
_a BA _j2256-F-4 |
|
| 999 |
_c174417 _d174417 |
||